AH International Schools' Libraries

Frozen / (Record no. 49257)

MARC details
000 -LEADER
fixed length control field 00349nam a2200121 4500
020 ## - INTERNATIONAL STANDARD BOOK NUMBER
International Standard Book Number 9781472327499
100 ## - MAIN ENTRY--PERSONAL NAME
Personal name Parragon,
Relator term Publisher.
9 (RLIN) 86226
245 ## - TITLE STATEMENT
Title Frozen /
Statement of responsibility, etc Published by Parragon.
260 ## - PUBLICATION, DISTRIBUTION, ETC. (IMPRINT)
Place of publication, distribution, etc UK. :
Name of publisher, distributor, etc Parragon ;
Date of publication, distribution, etc 2013.
300 ## - PHYSICAL DESCRIPTION
Dimensions 6.93 x 0.35 x 8.66 inches.
650 #0 - SUBJECT ADDED ENTRY--TOPICAL TERM
9 (RLIN) 74802
Topical term or geographic name as entry element Disney characters
Form subdivision Juvenile fiction.
942 ## - ADDED ENTRY ELEMENTS (KOHA)
Source of classification or shelving scheme
Koha item type Book
Holdings
Withdrawn status Lost status Source of classification or shelving scheme Damaged status Not for loan Home library Current library Date acquired Total Checkouts Full call number Barcode Checked out Date last seen Date checked out Price effective from Koha item type
          Logos International School Logos International School 08/13/2025 7 E DIS 042837 05/13/2026 04/23/2026 04/23/2026 08/13/2025 Book

For any Logos Library related questions please contact Miss Art at swongnarasuk@asianhope.org.

For any Asian Hope Library related questions please contact Miss Raza at graza@asianhope.org.

Click here to explore our ebooks!

Powered by Koha